Menový program NBS na rok 1996: ďalšie posilnenie vnútornej a vonkajšej stability meny

Menový program nadväzuje na štátny rozpočet. Cieľ menového programu na r. 1996 - posilnenie vnútornej a vonkajšej stability meny a podpora ekonomiky. Čiastkové ciele a predpoklady: zníženie inflácie, pevný kurz pri rozšírení fluktuačného pásma, rast HDP, prebytok platobnej bilancie, vzrast peňažnej...

Descrizione completa

Salvato in:
Dettagli Bibliografici
Autore principale: Kovalčík, J.
Natura: Capitolo di libro
Lingua:slovacco
Soggetti:
Tags: Aggiungi Tag
Nessun Tag, puoi essere il primo ad aggiungerne!!

MARC

LEADER 00000naa a2200000 4500
001 r018951
005 20230921074450.0
041 0 |a slo 
044 |a SK 
245 1 0 |a Menový program NBS na rok 1996: ďalšie posilnenie vnútornej a vonkajšej stability meny  |c J. Kovalčík 
520 |a Menový program nadväzuje na štátny rozpočet. Cieľ menového programu na r. 1996 - posilnenie vnútornej a vonkajšej stability meny a podpora ekonomiky. Čiastkové ciele a predpoklady: zníženie inflácie, pevný kurz pri rozšírení fluktuačného pásma, rast HDP, prebytok platobnej bilancie, vzrast peňažnej zásoby, prírastok úverov. Zmeny v menových nástrojoch. 
610 2 0 |a Slovensko 
610 2 0 |a program menový 
610 2 0 |a 1996 
610 2 0 |a mena 
610 2 0 |a stabilita meny 
610 2 0 |a produkt domáci hrubý 
610 2 0 |a inflácia 
610 2 0 |a fluktuácia 
610 2 0 |a kurz výmenný 
610 2 0 |a bilancia platobná 
610 2 0 |a zásoba peňažná 
610 2 0 |a úver 
610 2 0 |a nástroje politiky menovej 
610 2 0 |a NBS Bratislava 
100 1 |a Kovalčík, J.